000 00291nam a2200109 4500
008 160624b xxu||||| |||| 00| 0 eng d
100 _9990
_a Dixon, F.W
245 _aHaddy Boys: The Stone Idol
260 _aN.Y
_b Wanderer Books
_c1981
300 _aHaddy Boys: The Stone Idol
942 _2ddc
_cBK
999 _c788
_d788